| 000 | 00956na a2200289 4500 | ||
|---|---|---|---|
| 001 | 12617 | ||
| 003 | MIRAKIL | ||
| 005 | 20181213154733.0 | ||
| 008 | 160824b tu 000 0 | ||
| 020 | _a9789750404764 | ||
| 035 | _a12617 | ||
| 040 |
_aMilas _btur _cTR-AnCHP |
||
| 082 |
_a158.7 _bE52e 2009 |
||
| 090 | _a158.7 E52e 2009 | ||
| 245 |
_aEndüstri, iş ve örgüt psikolojisi el kitabı _bPersonel psikolojisi _cNeil Anderson...[ve öte] ; çeviri koordinatörü Bahar Öz |
||
| 260 |
_aİstanbul _bLiteratür Yayıncılık _c2009 |
||
| 300 |
_ac. _c24 sm. |
||
| 490 |
_aLiteratür yayınları _v568 |
||
| 500 | _ac. 1 : Personel psikolojisi | ||
| 500 | _aÖzgün yapıt adı : Handbook of industrial, work and organizational psychology. | ||
| 504 | _aKaynakça var. | ||
| 650 |
_aÖrgüt _xPsikolojik yönler |
||
| 650 |
_aİş _xPsikolojik yönler |
||
| 650 | _aSanayi psikolojisi | ||
| 650 | _aPersonel psikolojisi | ||
| 942 |
_2ddc _cBKS |
||
| 999 |
_c90 _d90 |
||